Leadership and Management in Healthcare. (Record no. 9371)

MARC details
000 -LEADER
fixed length control field 00590nam a22002177a 4500
003 - CONTROL NUMBER IDENTIFIER
control field OSt
005 - DATE AND TIME OF LATEST TRANSACTION
control field 20240913125335.0
008 - FIXED-LENGTH DATA ELEMENTS--GENERAL INFORMATION
fixed length control field 240913b |||||||| |||| 00| 0 eng d
020 ## - INTERNATIONAL STANDARD BOOK NUMBER
International Standard Book Number 9781446248829
040 ## - CATALOGING SOURCE
Transcribing agency MUST
Modifying agency MUST
082 ## - DEWEY DECIMAL CLASSIFICATION NUMBER
Edition number 2nd
100 ## - MAIN ENTRY--PERSONAL NAME
Personal name Neil Gopee
9 (RLIN) 19125
245 ## - TITLE STATEMENT
Title Leadership and Management in Healthcare.
250 ## - EDITION STATEMENT
Edition statement 2nd.
260 ## - PUBLICATION, DISTRIBUTION, ETC. (IMPRINT)
Place of publication, distribution, etc. London
Name of publisher, distributor, etc. SAGE
Date of publication, distribution, etc. c2014
300 ## - PHYSICAL DESCRIPTION
Extent xviii,294p. ;
Other physical details includes ill.
Dimensions 25cm.
440 ## - SERIES STATEMENT/ADDED ENTRY--TITLE
Title Leadership and Management in Healthcare.
9 (RLIN) 19126
500 ## - GENERAL NOTE
General note Glossary,Index
600 ## - SUBJECT ADDED ENTRY--PERSONAL NAME
Source of heading or term Management in healthcare
942 ## - ADDED ENTRY ELEMENTS (KOHA)
Source of classification or shelving scheme Dewey Decimal Classification
Koha item type Book
Holdings
Withdrawn status Lost status Source of classification or shelving scheme Damaged status Not for loan Home library Current library Date acquired Source of acquisition Inventory number Total Checkouts Full call number Barcode Date last seen Price effective from Koha item type
    Dewey Decimal Classification     MUST Main Library MUST Main Library 13/09/2024 Purchase 14/38062   658 GOP 2014 2024-22362 13/09/2024 13/09/2024 Open Shelf
    Dewey Decimal Classification     MUST Main Library MUST Main Library 13/09/2024 Purchase 14/38061   658 GOP 2014 2024-22363 13/09/2024 13/09/2024 Open Shelf